| 000 | 02216cam a22002294a 4500 | ||
|---|---|---|---|
| 005 | 20250605164230.0 | ||
| 008 | 250528s ||||||||||||||||||||||||d | ||
| 035 | _a20929 | ||
| 020 | _a9789603949275 | ||
| 040 |
_aGR-AtMCL _bgre _dGR-AtMCL _eAACR2 |
||
| 245 | 1 | _aΔυσφαγία / Κλινική Αντιμετώπιση σε Ενήλικες και Παιδιά | |
| 260 |
_bΕκδόσεις Παρισιάνου, _c2013 |
||
| 300 | _a350 | ||
| 520 | _aΤο παρόν βιβλίο παρουσιάζει τη γνώση σε όλα τα πεδία της δυσφαγίας με μια μεγάλη ποικιλία από εύχρηστα χαρακτηριστικά. Θεμέλια, Οι Κλινικές Διαστάσεις της Δυσφαγίας, Φυσιολογική Κατάποση Ενηλίκων, Φυσιολογική Κατάποση και Ανάπτυξη σε Τελειόμηνα και Πρόωρα Νοεγνά, Αίτια και Χαρακτηριστικά της Δυσφαγίας, Διαταραχές σε Παιδιά και Νεογνά, Νευρολογικές Διαταραχές Ενηλίκων, Δυσφαγία και Καρκίνος Κεφαλής και Τραχήλου, Διαταραχές του Οισοφάγου, Αναπνευστικές και Ιατρογενείς Διαταραχές, Αξιολόγηση της Κατάποσης, Κλινική Αξιολόγηση των Ενηλίκων, Ειδικές Εξετάσεις Κατάποσης: Βιντεοακτινοσκόπηση και Ενδοσκόπηση, Ειδικοί Προβληματισμοί στην Αξιολόγηση Βρεφών και Παιδιών, Προσεγγίσεις στη Θεραπεία, Θεραπευτικά Ζητήματα και Επιλογές και Αποφάσεις, Θεραπεία για Βρέφη και Παιδιά, Θεραπεία Ενηλίκων, Ηθικά Ζητήματα. | ||
| 700 | 1 |
_aCrary Michael A _96917 |
|
| 700 | 1 |
_aGroher Michael E _96918 |
|
| 700 | 1 |
_aΠαπαθανασίου Ηλίας _96854 |
|
| 700 | 1 |
_aΠαπανικολαού Βασίλειος Σ _96919 |
|
| 942 | _cBK | ||
| 999 |
_c6006 _d6006 |
||